Organofluorine Chemistry; Synthesis Modeling $ Application (Record no. 2320)
[ view plain ]
| 000 -LEADER | |
|---|---|
| fixed length control field | 00356nam a22001337a 4500 |
| 008 - FIXED-LENGTH DATA ELEMENTS--GENERAL INFORMATION | |
| fixed length control field | 250314b |||||||| |||| 00| 0 eng d |
| 020 ## - INTERNATIONAL STANDARD BOOK NUMBER | |
| ISBN | 9783527347117 |
| 100 ## - MAIN ENTRY--AUTHOR | |
| Author | Szabo Kalman J |
| 245 ## - TITLE STATEMENT | |
| Title | Organofluorine Chemistry; Synthesis Modeling $ Application |
| 260 ## - PUBLICATION, DISTRIBUTION, ETC. (IMPRINT) | |
| Place of publication | Germany |
| Name of publisher | Wiley VCH |
| Date of publication | 2021 |
| 300 ## - COLLATION | |
| Pagination | XV,448P |
| 942 ## - ADDED ENTRY ELEMENTS (KOHA) | |
| Item type | Books |
| 050 ## - LIBRARY OF CONGRESS CALL NUMBER | |
| Classification number | QD412.1 |
| Item number | .O74 |
| Source of classification or shelving scheme | Not for loan | Permanent location | Current location | Date acquired | Accession No. | Full call number | Barcode. | Koha item type |
|---|---|---|---|---|---|---|---|---|
| Library of Congress Classification | Samuel Ogbemudia Main Library, University of Abuja | Samuel Ogbemudia Main Library, University of Abuja | 03/14/2025 | 2024/63812 | QD412.1.O74 | 2025-0583 | Books |